000 01261nam a2200337 i 4500
003 EG-GICUC
005 20260121101341.0
008 251125s1991 ua ||||fr|||| 00| 0 ara d
017 _a1991/4553
020 _a9770406961
040 _a EG-GICUC
_bara
_c EG-GICUC
_d EG-GICUC
_erda
041 0 _aara
082 0 4 _221
_a345.144
_bص ل . م
092 0 4 _221
099 _aLaw1 07 345.144 ص ل . م 1991
100 0 _aصلاح الدين فوزي
_eمؤلف.
245 1 2 _aالمبادئ العامة في القانون الإداري :
_bدراسة مقارنة /
_cدكتور صلاح الدين فوزي.
264 _aالقاهرة :
_bدار النهضة العربية،
_c1991.
300 _a262 صفحة ؛
_c24 سم.
_bإيضاحيات، صور، مثيليات ؛
336 _2rda content
_atext
337 _2rda media
_aComputer
338 _2rda carrier
_aOnline Resource
504 _aيشتمل على إرجاعات ببليوجرافية.
546 _aالنص باللغة العربية
650 1 4 _aالأموال عامة
_2qrmak
650 1 4 _aالسلطات التاديبية
_2qrmak
651 1 _2qrmak
856 4 0 _uhttps://fll.law.cu.edu.eg/fulltext/bks/B07-00771.pdf
905 _a65
942 _2ddc
_cBK
_e21
_n0
999 _c45826
_d45826